000 nam a22 7a 4500
999 _c9353
_d9353
008 180129b ||||| |||| 00| 0 eng d
100 _aKhan,S.H,etal.
_95046
245 _aOur Country India-IV
260 _aNew Delhi
_bNCERT
_c2001